Επαλήθευση συγγραφέα με χρήση εξωτερικών πηγών = Extrinsic author verification : πτυχιακή εργασία
Στο πλαίσιο της παρούσας διπλωματικής εργασίας θα μελετηθεί το πρόβλημα της επαλήθευσης συγγραφέα, δηλαδή έχοντας ένα σύνολο κειμένων που έχουν γραφεί από τον ίδιο συγγραφέα ο στόχος είναι να απαντηθεί αν ένα άλλο άγνωστης πατρότητας κείμενο έχει γραφτεί από τον ίδιο συγγραφέα ή όχι. Θα υιοθετηθεί η...
Αποθηκεύτηκε σε:
| Κύριος συγγραφέας: | |
|---|---|
| Συγγραφή απο Οργανισμό/Αρχή: | |
| Μορφή: | Thesis Βιβλίο |
| Γλώσσα: | Greek |
| Δημοσίευση: |
2017.
|
| Θέματα: | |
| Διαθέσιμο Online: | http://hdl.handle.net/11610/17460 |
| Ετικέτες: |
Προσθήκη ετικέτας
Δεν υπάρχουν, Καταχωρήστε ετικέτα πρώτοι!
|
MARC
| LEADER | 00000cam a2200000 a 4500 | ||
|---|---|---|---|
| 001 | 1/115164 | ||
| 008 | 171005s2017####gr | ||| |||| ||gre|| | ||
| 040 | |a GR-MyUa |b gre |c GR-MyUa |e AACR2 | ||
| 041 | 0 | |a gre | |
| 082 | 7 | |a 410.285 |2 (23) | |
| 100 | 1 | |a Πουμπουλίδης, Χρήστος. | |
| 245 | 1 | 0 | |a Επαλήθευση συγγραφέα με χρήση εξωτερικών πηγών = |b Extrinsic author verification : πτυχιακή εργασία / |c του Χρήστου Πουμπουλίδη ; επιβλέπων καθηγητής Ευστάθιος Σταματάτος. |
| 246 | 1 | |i Παράλληλος τίτλος : |a Extrinsic author verification | |
| 260 | |c 2017. | ||
| 300 | |a viii, 49 σ. : |b σχέδια, πιν. ; |c 30 εκ. | ||
| 500 | |a Μέλη της εξεταστικής επιτροπής: Σταματάτος Ευστάθιος, Καβαλλιεράτου Εργίνα, Μαραγκουδάκης Εμμανουήλ. | ||
| 502 | |a Πτυχιακή εργασία - Πανεπιστήμιο Αιγαίου, Σάμος, 2017. | ||
| 504 | |a Βιβλιογραφία: σ. 45-46. | ||
| 506 | 1 | |a Διάθεση πλήρους κειμένου ; |d Ενδοπανεπιστημιακή δημοσίευση. | |
| 520 | 8 | |a Στο πλαίσιο της παρούσας διπλωματικής εργασίας θα μελετηθεί το πρόβλημα της επαλήθευσης συγγραφέα, δηλαδή έχοντας ένα σύνολο κειμένων που έχουν γραφεί από τον ίδιο συγγραφέα ο στόχος είναι να απαντηθεί αν ένα άλλο άγνωστης πατρότητας κείμενο έχει γραφτεί από τον ίδιο συγγραφέα ή όχι. Θα υιοθετηθεί η χρήση εξωτερικών πηγών δηλαδή κειμένων άλλων συγγραφέων που θα ανακτώνται από τον Παγκόσμιο Ιστό για την δημιουργία κατάλληλου μοντέλου ταξινόμησης που θα είναι ικανό να βρίσκει ομοιότητες του άγνωστου κειμένου με τα κείμενα γνωστής πατρότητας. Το μοντέλο που θα αναπτυχθεί θα αξιολογηθεί σε υπάρχουσες συλλογές κειμένων στα Ελληνικά, Αγγλικά, Ισπανικά και Ολλανδικά. | |
| 650 | 0 | |a Computational linguistics. | |
| 650 | 0 | |a Dissertations, Academic |z Greece. | |
| 700 | 1 | |a Σταματάτος, Ευστάθιος, |e dgs | |
| 710 | 2 | |a Πανεπιστήμιο Αιγαίου. |b Σχολή Θετικών Επιστημών. |b Τμήμα Μηχανικών Πληροφοριακών και Επικοινωνιακών Συστημάτων. | |
| 852 | |a INST |b SAMOS |c DIATR |e 20171005 |h 410.285 ΠΟΥ |p 005300044826 |q 005300044826 |t DIE |y 23 | ||
| 856 | |u http://hdl.handle.net/11610/17460 | ||
| 924 | |a Πουμπουλίδης |b Χρήστος |y Σάμος | ||
| 970 | |a Κοσιέρης |b Χρήστος |z 05-10-2017 | ||